000 00543nam a2200193 4500
001 126983
003 ES-MaACL
005 20230906192923.0
007 t|
008 070214s1955 sp r ||||1| spa d
100 1 _aRibera, Carlos.
_996770
245 1 0 _aZuloaga
_b: su vida y su obra /
_cCarlos Ribera.
260 _aSan Sebastián :
_bJosé Arjona,
_c1955.
300 _a60 p., 6 lám. ;
_c15 cm.
490 1 _aArtistas vascos
830 0 _aArtistas vascos
_9219155
852 _aES-MaACL
_j1979-F-4
_bR.38524
999 _c126983
_d126983